Servant of the Shogun: being the true story of William Adams, pilot and Samurai, the first Englishman in Japan
| Main Author: | |
|---|---|
| Format: | Print Book |
| Language: | English |
| Subito Delivery Service: | Order now. |
| Check availability: | HBZ Gateway |
| WorldCat: | WorldCat |
| Interlibrary Loan: | Interlibrary Loan for the Fachinformationsdienste (Specialized Information Services in Germany) |
| Published: |
Tenterden, Kent
Norbury
1983
|
| In: | Year: 1983 |
| Reviews: | [Rezension von: Tames, Richard, Servant of the Shogun: Being the True Story of William Adams, Pilot and Samurai, The First Englishman in Japan] (1988) (Lewis, Michael)
|
| Edition: | Reprint |
| Further subjects: | B
Biography
B Adams, William *1564-1620* B British Japan Biography |
MARC
| LEADER | 00000cam a2200000 c 4500 | ||
|---|---|---|---|
| 001 | 276190831 | ||
| 003 | DE-627 | ||
| 005 | 20251222213015.0 | ||
| 007 | tu | ||
| 008 | 990101s1983 xx ||||| 00| ||eng c | ||
| 020 | |a 0904404390 |9 0-904404-39-0 | ||
| 035 | |a (DE-627)276190831 | ||
| 035 | |a (DE-576)260886548 | ||
| 035 | |a (DE-599)GBV276190831 | ||
| 035 | |a (OCoLC)246565356 | ||
| 040 | |a DE-627 |b ger |c DE-627 |e rakwb | ||
| 041 | |a eng | ||
| 050 | 0 | |a DS872.A3 | |
| 082 | 0 | |a 305.52 | |
| 084 | |a 1 |2 ssgn | ||
| 100 | 1 | |0 (DE-588)1195807155 |0 (DE-627)1677857293 |4 aut |a Tames, Richard |d 1946- | |
| 109 | |a Tames, Richard 1946- |a Tames, R. 1946- |a Tames, Richard L. 1946- |a Tames, Richard Lawrence 1946- | ||
| 245 | 1 | 0 | |a Servant of the Shogun |b being the true story of William Adams, pilot and Samurai, the first Englishman in Japan |c Richard Tames |
| 250 | |a Reprint | ||
| 264 | 1 | |a Tenterden, Kent |b Norbury |c 1983 | |
| 300 | |a 132 S |b Ill | ||
| 336 | |a Text |b txt |2 rdacontent | ||
| 337 | |a ohne Hilfsmittel zu benutzen |b n |2 rdamedia | ||
| 338 | |a Band |b nc |2 rdacarrier | ||
| 583 | 1 | |a Archivierung prüfen |c 20200919 |f DE-640 |z 1 |2 pdager | |
| 600 | 1 | 4 | |a Adams, William *1564-1620* |
| 601 | |a Williams, A. N. | ||
| 601 | |a Adam, William | ||
| 601 | |a Samurai | ||
| 650 | 4 | |a British |x Japan |x Biography | |
| 655 | 7 | |a Biografie |0 (DE-588)4006804-3 |0 (DE-627)104213493 |0 (DE-576)208867147 |2 gnd-content | |
| 787 | 0 | 8 | |i Rezensiert in |a Lewis, Michael |t [Rezension von: Tames, Richard, Servant of the Shogun: Being the True Story of William Adams, Pilot and Samurai, The First Englishman in Japan] |d 1988 |w (DE-627)1802326723 |
| 951 | |a BO | ||
| ELC | |b 1 | ||
| ORI | |a SA-MARC-ixtheo_oa001.raw | ||
| REL | |a 1 | ||
| SUB | |a REL | ||



